[Event "Challenge"]
[Site "http://www.queenalice.com/game.php?id=343619"]
[Date "2008.1.27"]
[Round "-"]
[White "esmotta"]
[Black "capabllanca"]
[Result "0-1"]
[WhiteElo "1718"]
[BlackElo "1993"]

1. e4 c5 2. Bc4 d6 3. c3 Nf6 4. d3 Nc6 5. Nf3 g6 6. Ng5 e6 7. O-O Bg7 8. Bf4 O-O
9. Nd2 Nh5 10. Bg3 Nxg3 11. Nxf7 Rxf7 12. fxg3 Rxf1+ 13. Qxf1 Bd7 14. Nb3 Ne5
15. Nd2 Qg5 16. Qe2 Rf8 17. Bb3 Ng4 18. Nf3 Qe3+ 19. Qxe3 Nxe3 20. Re1 Ng4 21.
h3 Ne5 22. Nxe5 Bxe5 23. Re3 b5 24. Rf3 Rxf3 25. gxf3 Bxg3 0-1

[Event "Challenge"]
[Site "http://www.queenalice.com/game.php?id=343621"]
[Date "2008.1.27"]
[Round "-"]
[White "esmotta"]
[Black "DRCD"]
[Result "0-1"]
[WhiteElo "1740"]
[BlackElo "1822"]

1. e4 c5 2. Bc4 e6 3. Nf3 d5 4. exd5 exd5 5. Bb5+ Nc6 6. c3 Bd7 7. O-O Nf6 8.
Re1+ Be7 9. d4 c4 10. Bg5 O-O 11. Bxc6 Bxc6 12. Ne5 h6 13. Bh4 g5 14. Bg3 Ne4
15. Nxc6 bxc6 16. Nd2 Nxg3 17. fxg3 c5 18. Nf3 f5 19. Ne5 cxd4 20. Qxd4 Rc8 21.
Ng6 Bc5 22. Ne7+ Kh7 0-1

[Event "Challenge"]
[Site "http://www.queenalice.com/game.php?id=343622"]
[Date "2008.1.27"]
[Round "-"]
[White "esmotta"]
[Black "From77fr"]
[Result "0-1"]
[WhiteElo "1760"]
[BlackElo "1925"]

1. e4 e5 2. Nf3 Nc6 3. Bc4 Be7 4. d3 Nf6 5. c3 d6 6. b4 Bg4 7. Be3 d5 8. exd5
Nxd5 9. Bb5 Nxe3 10. fxe3 Qd6 11. Nbd2 Rd8 12. Ne4 Qh6 13. Qe2 f5 14. Nc5 Bxc5
15. bxc5 e4 16. d4 exf3 17. gxf3 Bh5 18. h4 O-O 19. Bxc6 Qxc6 20. Rf1 Rfe8 21.
Qf2 b6 22. Rd1 bxc5 23. dxc5 Rxd1+ 24. Kxd1 Qxc5 0-1

[Event "Challenge"]
[Site "http://www.queenalice.com/game.php?id=344867"]
[Date "2008.1.29"]
[Round "-"]
[White "esmotta"]
[Black "jorgemedeiros"]
[Result "0-1"]
[WhiteElo "1840"]
[BlackElo "1938"]

1. e4 c5 2. Bc4 Nc6 3. Nf3 e6 4. d3 d5 5. exd5 exd5 6. Bb5 Qa5+ 7. Nc3 d4 8.
Bxc6+ bxc6 9. Bd2 dxc3 10. Bxc3 Qc7 11. Qe2+ Qe7 12. Qxe7+ Nxe7 13. O-O f6 14.
Rfe1 Kf7 15. Re4 Nd5 16. Rae1 Bf5 17. Rc4 Bd6 18. Nh4 Bd7 19. Rce4 Rhe8 20. f3
g5 21. g3 gxh4 22. g4 Nxc3 23. bxc3 Rxe4 24. dxe4 Be5 25. Re3 Be6 26. Kg2 Bxa2
27. Kh3 Rd8 28. Kxh4 Bxh2 29. g5 Bf4 30. Rd3 Rxd3 31. cxd3 fxg5+ 32. Kh5 a5 33.
d4 a4 34. d5 cxd5 35. e5 d4 36. cxd4 c4 37. d5 c3 38. e6+ Ke7 39. Kh6 c2 0-1

[Event "Challenge"]
[Site "http://www.queenalice.com/game.php?id=345028"]
[Date "2008.1.29"]
[Round "-"]
[White "Rgbug"]
[Black "esmotta"]
[Result "1-0"]
[WhiteElo "1988"]
[BlackElo "1681"]

1. e4 e5 2. Nf3 Nc6 3. d4 d6 4. dxe5 dxe5 5. Qxd8+ Kxd8 6. Bc4 f6 7. O-O Bg4 8.
Nfd2 Bd6 9. f3 Bd7 10. c3 Nge7 11. b4 a6 12. a4 Ng6 13. Nb3 Ke7 14. Be3 Na7 15.
N1d2 b5 16. axb5 Nxb5 17. Rfc1 Nf4 18. Nc5 Bxc5 19. Bxc5+ Kd8 20. Kf1 Ne6 21.
Bf2 Ke7 22. Nb3 Rhd8 23. Nc5 c6 24. Rxa6 Rxa6 25. Nxa6 Ra8 26. Nc5 1-0

[Event "Challenge"]
[Site "http://www.queenalice.com/game.php?id=345201"]
[Date "2008.1.30"]
[Round "-"]
[White "JMasters"]
[Black "esmotta"]
[Result "1-0"]
[WhiteElo "1939"]
[BlackElo "1746"]

1. e4 e5 2. f4 Nc6 3. Nf3 d6 4. Bc4 Bg4 5. c3 exf4 6. d4 Bxf3 7. Qxf3 g5 8. O-O
Qe7 9. h4 h6 10. Bxf4 gxf4 11. Qxf4 f6 12. Qf5 Nd8 13. Na3 c6 14. Rae1 b5 15.
Nxb5 cxb5 16. Bxb5+ Kf7 17. Qd5+ 1-0

[Event "Challenge"]
[Site "http://www.queenalice.com/game.php?id=346941"]
[Date "2008.2.1"]
[Round "-"]
[White "Drica"]
[Black "esmotta"]
[Result "0-1"]
[WhiteElo "1592"]
[BlackElo "1745"]

1. e4 e5 2. Nf3 Nc6 3. c4 Bc5 4. b3 Nf6 5. Ba3 Bxa3 6. Nxa3 a6 7. Qc2 Qe7 8. Nb1
Qc5 9. g3 Ng4 10. Bh3 Nxf2 11. Bg2 Nxh1 12. Bxh1 Nb4 13. Qc3 Qd6 14. Nxe5 f6 15.
Ng4 Nd3+ 16. Kd1 O-O 17. Bf3 Ne5 18. Nxe5 Qxe5 19. Qxe5 fxe5 20. Na3 Rxf3 21.
Kc2 d6 22. Re1 Rf2 23. Nb1 Rxh2 24. Nc3 c6 25. a4 Bh3 26. Ne2 Bg4 27. Ng1 Rg2
28. a5 Rf8 29. b4 Rff2 30. Kc3 Rxd2 31. b5 Rc2+ 32. Kb3 Rb2+ 0-1

[Event "AUTO-ADV-790"]
[Site "http://www.queenalice.com/game.php?id=347485"]
[Date "2008.2.2"]
[Round "1"]
[White "esmotta"]
[Black "rhsatrhs"]
[Result "0-1"]
[WhiteElo "1790"]
[BlackElo "1879"]

1. e4 c5 2. Bc4 e6 3. Nf3 Nc6 4. c3 d6 5. O-O Nf6 6. d3 a6 7. a3 b5 8. Ba2 Be7
9. Re1 O-O 10. Bg5 Nh5 11. Bxe7 Qxe7 12. d4 c4 13. d5 Nd8 14. Nd4 Qg5 15. Nc6
Bb7 16. Na5 Nf4 17. dxe6 Qxg2# 0-1

[Event "AUTO-ADV-790"]
[Site "http://www.queenalice.com/game.php?id=347486"]
[Date "2008.2.2"]
[Round "1"]
[White "rhsatrhs"]
[Black "esmotta"]
[Result "1-0"]
[WhiteElo "1907"]
[BlackElo "1776"]

1. e4 e5 2. Nf3 Nc6 3. Bb5 Bd6 4. O-O Nf6 5. Re1 O-O 6. d4 a6 7. Bxc6 Bb4 8. c3
Bxc3 9. bxc3 dxc6 10. Bg5 h6 11. Bxf6 Qxf6 12. dxe5 Qf4 13. Qd4 Bg4 14. Re3 Rfd8
15. Qa4 Bxf3 16. gxf3 Qxe5 17. Qc2 Rd6 18. Nd2 Rad8 19. Nc4 Qg5+ 20. Kf1 Rg6 21.
Ke2 Qg2 22. Ne5 Rg5 23. f4 Rh5 24. Nf3 Qg4 25. Rg1 Qxf4 26. Qb2 Rb5 27. Qa1 Rd6
28. c4 Rh5 29. Qxg7# 1-0

[Event "AUTO-ADV-790"]
[Site "http://www.queenalice.com/game.php?id=347487"]
[Date "2008.2.2"]
[Round "1"]
[White "esmotta"]
[Black "AlfilesDelRey"]
[Result "0-1"]
[WhiteElo "1663"]
[BlackElo "1826"]

1. e4 d5 2. exd5 Qxd5 3. Nc3 Qe6+ 4. Be2 Nf6 5. Nf3 h6 6. O-O a6 7. Re1 Qd6 8.
d4 Nd5 9. Bd2 Nc6 10. Bc4 Bg4 11. Bxd5 Nxd4 12. h3 Nxf3+ 13. gxf3 Bxh3 0-1

[Event "AUTO-ADV-790"]
[Site "http://www.queenalice.com/game.php?id=347488"]
[Date "2008.2.2"]
[Round "1"]
[White "AlfilesDelRey"]
[Black "esmotta"]
[Result "1-0"]
[WhiteElo "1812"]
[BlackElo "1676"]

1. d4 d6 2. d5 e5 3. e4 f5 4. Nc3 fxe4 5. Nxe4 Bf5 6. Bb5+ Nd7 7. Qf3 g6 8. Ng5
Qe7 9. Qc3 O-O-O 10. Qe3 Bh6 11. Bxd7+ Bxd7 12. Qxa7 Bxg5 13. Qa8# 1-0

[Event "Challenge"]
[Site "http://www.queenalice.com/game.php?id=347901"]
[Date "2008.2.3"]
[Round "-"]
[White "esmotta"]
[Black "Sabaak_No_Gaara"]
[Result "0-1"]
[WhiteElo "1710"]
[BlackElo "1866"]

1. e4 c5 2. Bc4 Nc6 3. c3 Nf6 4. d3 a6 5. a3 d5 6. exd5 Nxd5 7. Qf3 Nf6 8. h3
Ne5 9. Qe2 Nxc4 10. dxc4 g6 11. Nf3 Bg7 12. O-O O-O 13. Be3 b6 14. b4 Ne4 15.
Rd1 Qc7 16. b5 Bxc3 17. Ra2 Bf5 18. Rc1 Bg7 19. Nfd2 Rfd8 20. Nxe4 Bxe4 21. Nd2
Bb7 0-1

[Event "Challenge"]
[Site "http://www.queenalice.com/game.php?id=347910"]
[Date "2008.2.3"]
[Round "-"]
[White "esmotta"]
[Black "davi_sales"]
[Result "0-1"]
[WhiteElo "1639"]
[BlackElo "1940"]

1. e4 c5 2. Bc4 d6 3. Nf3 Nf6 4. c3 Nxe4 5. d3 Nf6 6. O-O d5 7. Qa4+ Bd7 8. Bb5
Nc6 9. Re1 a6 10. Bxc6 Bxc6 11. Qh4 e6 12. Bg5 Be7 13. Ne5 Qc7 14. Nxc6 Qxc6 15.
Nd2 h6 16. Nf3 O-O-O 17. Be3 g5 18. Qg3 Bd6 19. Ne5 Qc7 20. d4 Nd7 21. f4 Kb8
22. fxg5 hxg5 23. Bxg5 f6 24. Nxd7+ Qxd7 25. Bf4 cxd4 26. Bxd6+ Qxd6 0-1

[Event "Challenge"]
[Site "http://www.queenalice.com/game.php?id=347912"]
[Date "2008.2.3"]
[Round "-"]
[White "esmotta"]
[Black "tewald"]
[Result "0-1"]
[WhiteElo "1696"]
[BlackElo "1827"]

1. e4 e6 2. d4 d5 3. exd5 exd5 4. Bd3 Be7 5. Nf3 Nf6 6. O-O h6 7. Ne5 c6 8. Qf3
O-O 9. Qg3 Nh5 10. Qf3 Nf6 11. Qg3 Ne4 12. Bxe4 dxe4 13. Bxh6 Bf6 14. Bf4 Qxd4
15. Ng4 Bxg4 16. Nc3 Bf5 17. Be3 Qe5 18. Bf4 Qe6 19. Rfe1 Nd7 20. Rab1 Be5 21.
f3 Bxf4 22. Qxf4 Qe5 23. Qh4 e3 24. f4 Qc5 25. Rbc1 Nf6 26. Na4 Qd4 27. b3 Rad8
0-1

[Event "Challenge"]
[Site "http://www.queenalice.com/game.php?id=348011"]
[Date "2008.2.3"]
[Round "-"]
[White "esmotta"]
[Black "prmntgen"]
[Result "1-0"]
[WhiteElo "1726"]
[BlackElo "1704"]

1. e4 e5 2. Nf3 d6 3. Bc4 h6 4. c3 Qe7 5. d3 Be6 6. Qb3 Bxc4 7. Qxc4 Nf6 8. Qb5+
c6 9. Qb3 b5 10. O-O Qb7 11. Nh4 d5 12. exd5 Nxd5 13. Re1 Nd7 14. d4 Bd6 15. Nf5
Bc7 16. Nxg7+ Kd8 17. Nf5 exd4 18. cxd4 Ba5 19. Nd6 Qb6 20. Nxf7+ Kc7 21. Qg3+
Kb7 22. Bd2 Rhg8 23. Qd3 Nb4 24. Qc3 Raf8 25. Nd6+ Ka6 26. a3 Nd5 27. Qxa5+ Qxa5
28. Bxa5 Kxa5 29. Nc3 Nxc3 30. bxc3 Nf6 31. Nb7+ Kb6 32. Nc5 h5 33. Re7 Rb8 34.
Re6 Rbf8 35. Rxf6 1-0

[Event "Challenge"]
[Site "http://www.queenalice.com/game.php?id=348016"]
[Date "2008.2.3"]
[Round "-"]
[White "esmotta"]
[Black "shogun"]
[Result "0-1"]
[WhiteElo "1740"]
[BlackElo "2491"]

1. e4 Nc6 2. Bc4 e6 3. c3 Nf6 4. d3 d5 5. exd5 Nxd5 6. b4 Ndxb4 7. cxb4 Qd4 8.
Ne2 Qxa1 9. Nbc3 Bxb4 10. Qd2 Nd4 11. O-O Nxe2+ 12. Kh1 Nxc3 13. Re1 Nxa2 0-1